170 Most Famous Cities in Spain on a Map - Statistics

General Stats
  • This quiz has been taken 817 times
  • The average score is 52 of 173
Answers on the Map
Answers color-coded by a green-red scale on the quiz's map according to % correct below.
 
Answer Stats
Wiki Monthly Views Cityquiz Mention Rate Population Answers % Correct
384.46K 68.51% 3422.42K Madrid
99%
515.08K 63.69% 1686.21K Barcelona
98%
218.55K 40.95% 686.74K Seville
95%
221.41K 40.36% 824.34K Valencia
95%
128.88K 31.65% 347.34K Bilbao
91%
172.54K 26.99% 592.35K Málaga
89%
107.73K 22.26% 438.23K Palma de Mallorca
86%
96.61K 23.33% 691.04K Zaragoza
86%
144.71K 24.37% 233.53K Granada
83%
166.80K 19.64% 53.23K Ibiza
78%
66.39K 14.73% 471.98K Murcia
78%
62.17K 14.22% 249.25K A Coruña
76%
110.56K 15.93% 324.90K Córdoba
76%
106.27K 13.05% 358.61K Alicante
75%
80.45K 9.41% 383.52K Las Palmas
75%
137.61K 16.49% 83.18K Ceuta
73%
75.71K 10.84% 208.24K Pamplona
73%
112.92K 13.74% 188.49K San Sebastián
71%
55.14K 12.99% 295.52K Vigo
71%
102.25K 15.22% 86.28K Toledo
70%
92.22K 13.30% 111.18K Cádiz
68%
116.32K 14.04% 99.49K Santiago de Compostela
68%
68.77K 11.75% 299.82K Valladolid
67%
103.04K 12.52% 85.98K Melilla
65%
71.54K 10.68% 106.48K Girona
64%
55.94K 10.08% 173.63K Santander
62%
41.50K 13.09% 122.87K León
59%
36.24K 8.12% 270.22K Gijón
56%
45.31K 8.05% 220.03K Oviedo
56%
64.43K 9.39% 144.46K Salamanca
55%
54.82K 8.31% 201.95K Almería
53%
46.90K 9.17% 210.49K Santa Cruz de Tenerife
52%
38.99K 3.77% 214.84K Jerez de la Frontera
51%
46.79K 7.19% 141.02K Tarragona
51%
19.63K 7.75% 191.56K Getafe
50%
53.39K 5.61% 219.24K Cartagena
48%
29.06K 5.15% 242.32K Elche
47%
51.10K 7.09% 176.55K Burgos
46%
27.34K 5.53% 143.53K Huelva
46%
22.74K 2.25% 282.30K L'Hospitalet de Llobregat
46%
72.78K 5.54% 159.05K Marbella
45%
50.48K 4.72% 257.41K Vitoria-Gasteiz
45%
23.20K 4.35% 111.94K Jaén
44%
28.51K 6.02% 151.15K Badajoz
43%
30.90K 3.56% 59.89K Mérida
41%
17.35K 2.81% 226.22K Badalona
40%
52.93K 5.23% 74.57K Benidorm
40%
28.37K 4.21% 144.88K Lleida
39%
28.13K 4.74% 174.07K Albacete
38%
23.87K 3.94% 90.88K Guadalajara
38%
27.03K 4.11% 179.86K Castellón de la Plana
37%
29.47K 2.21% 125.05K Algeciras
35%
27.61K 6.45% 54.66K Huesca
35%
22.57K 4.45% 99.36K Lugo
35%
42.20K 3.47% 51.39K Segovia
34%
25.59K 3.56% 96.45K Cáceres
32%
24.22K 2.79% 150.84K Logroño
32%
36.80K 3.84% 52.52K Villarreal
32%
17.67K 3.15% 104.72K Ourense
30%
18.68K 3.98% 75.67K Ciudad Real
29%
31.61K 2.47% 59.12K Ávila
28%
25.41K 2.99% 53.64K Cuenca
28%
21.29K 1.35% 228.29K Terrassa
28%
23.38K 2.68% 59.55K Zamora
28%
8.21K 1.16% 140.46K Dos Hermanas
27%
15.51K 2.83% 193.93K Leganés
27%
24.35K 2.77% 83.11K Pontevedra
27%
19.67K 1.98% 109.96K Reus
27%
22.99K 2.02% 221.56K Sabadell
27%
15.02K 2.59% 30.64K Mahón
26%
18.98K 2.69% 76.58K Palencia
26%
11.43K 1.36% 213.27K Móstoles
25%
50.22K 0.61% 33.52K Ronda
25%
22.61K 3.00% 36.47K Teruel
25%
28.07K 1.30% 199.80K Alcalá de Henares
24%
8.28K 1.88% 174.74K Alcorcón
23%
14.49K 1.44% 63.30K Irun
23%
18.34K 1.22% 64.36K Ferrol
22%
30.46K 1.79% 42.13K Lloret de Mar
22%
25.30K 1.09% 18.66K Tarifa
22%
18.60K 1.59% 70.92K Torremolinos
22%
11.78K 1.46% 190.50K Fuenlabrada
21%
14.73K 1.04% 130.89K Mataró
21%
18.03K 1.05% 85.65K Fuengirola
20%
10.95K 1.14% 97.77K Lorca
20%
22.14K 2.41% 40.65K Soria
20%
11.23K 1.02% 75.66K Avilés
19%
9.24K 0.72% 101.87K Barakaldo
19%
13.73K 0.82% 121.45K Alcobendas
18%
17.81K 1.05% 47.17K Dénia
18%
22.32K 4.03% 27.30K Eibar
18%
38.18K 0.15% 1.33K Formentera/Sant Francesc Xavier
18%
15.05K 1.30% 62.96K Ponferrada
18%
18.81K 0.59% 160.85K San Cristóbal de La Laguna
18%
25.71K 1.18% 95.76K Torrevieja
18%
23.60K 1.14% 48.67K Figueres
17%
12.27K 0.87% 64.99K La Línea de la Concepción
17%
9.84K 0.63% 59.87K Motril
17%
12.27K 1.00% 93.79K San Fernando
17%
17.27K 0.64% 85.14K Talavera de la Reina
17%
10.47K 0.64% 68.03K Arrecife
16%
14.41K 0.89% 80.00K Gandia
16%
5.83K 0.76% 134.88K Parla
16%
16.32K 0.71% 62.51K Aranjuez
15%
16.02K 0.62% 78.59K Estepona
15%
31.18K 1.36% 17.01K Guernica
15%
18.53K 1.38% 47.88K Manacor
15%
12.51K 0.90% 79.74K Manresa
15%
16.25K 1.37% 30.44K Salou
15%
26.10K 1.02% 32.50K Sitges
15%
10.34K 0.55% 141.05K Torrejón de Ardoz
15%
13.44K 0.55% 33.66K Úbeda
15%
14.38K 0.95% 90.42K El Puerto de Santa María
14%
14.01K 0.87% 13.85K Jaca
14%
9.79K 0.66% 55.30K Linares
14%
14.75K 0.54% 36.06K Maspalomas
14%
15.64K 0.63% 22.08K Nerja
14%
12.28K 0.51% 83.35K Orihuela
14%
13.19K 0.43% 40.05K Plasencia
14%
7.24K 0.70% 51.47K Torrelavega
14%
13.41K 0.94% 22.07K Alcúdia
13%
17.55K 0.58% 78.01K Benalmádena
13%
29.04K - 1.56K Llívia
13%
24.48K 0.39% 92.21K Mijas
13%
10.41K 0.96% 36.02K Miranda de Ebro
13%
11.66K 1.08% 49.33K Vic
13%
13.32K 0.40% 41.58K Antequera
12%
9.71K 0.56% 11.82K Ciudad Rodrigo
12%
16.57K 0.62% 71.76K Sagunto
12%
11.19K 0.60% 38.44K Tudela
12%
12.39K 0.49% 10.29K Astorga
11%
17.72K 0.44% 2.89K Cadaqués
11%
17.49K 2.03% 5.34K Magaluf
11%
17.22K 0.71% 8.46K Peniscola
11%
17.35K 0.36% 69.89K Sanlúcar de Barrameda
11%
11.15K 0.62% 8.71K Tordesillas
11%
15.35K 0.52% 8.67K Trujillo
11%
12.08K 0.48% 30.48K Xàbia
11%
11.29K 0.52% 60.45K Alcoy
10%
9.23K 0.47% 33.67K Aranda de Duero
10%
13.81K 0.68% 26.64K Calpe
10%
10.98K 0.49% 69.20K Castelldefels
10%
9.75K 0.26% 20.15K Medina del Campo
10%
10.78K 1.30% 20.25K Roses
10%
11.03K 0.78% 18.77K San Lorenzo de El Escorial
10%
11.71K 0.49% 98.65K Sant Cugat del Vallès
10%
10.60K 0.82% 35.51K Tortosa
10%
9.30K 0.50% 70.29K Vilanova i la Geltrú
10%
10.76K 0.67% 30.32K Xàtiva
10%
11.62K 0.30% 1.00K Albarracín
9%
11.49K 0.31% 27.70K Almuñécar
9%
12.14K 0.44% 24.35K Altea
9%
10.58K 0.53% 36.69K Cambrils
9%
9.84K 0.29% 33.37K Castro Urdiales
9%
17.21K 0.90% 11.74K Olivenza
9%
14.65K 0.27% 31.82K Puerto de la Cruz
9%
10.24K 0.58% 41.94K Blanes
8%
6.07K 1.13% 29.86K Durango
8%
10.05K 0.21% 4.73K Fisterra
8%
16.09K 0.25% 16.93K Hondarribia
8%
12.32K 0.24% 10.00K La Manga
8%
12.39K 0.17% 20.10K Tolosa
8%
15.55K 0.31% 6.24K Tossa de Mar
8%
9.12K 0.45% 63.90K Granollers
7%
11.79K 0.17% 12.90K Palos de la Frontera
7%
10.59K 0.44% 20.21K Calella
6%
11.02K 0.05% 0.02K Roncesvalles
6%
9.12K 0.20% 34.37K Villena
6%
9.16K 1.01% 2.24K Medellín
5%
14.80K 0.06% 2.64K Setenil de las Bodegas
5%
10.29K 0.11% 7.43K Empuriabrava
4%
11.96K 0.07% 2.05K Valldemossa
4%
10.15K 0.11% 47.70K Esplugues de Llobregat
3%
No matching quizzes found
Score Distribution
Percent of People with Each Score
Percentile by Number Answered
Your Score History
You have not taken this quiz